[Event "NATO-ch 31st"]
[Site "Blankenberge"]
[Date "2021.10.11"]
[Round "1.24"]
[White "Hansen, Stefan"]
[Black "Ntalampiras, Spyros"]
[Result "1-0"]
[WhiteElo "2112"]
[BlackElo "1804"]
[PlyCount "69"]
[EventDate "2021.10.11"]
[EventType "team-swiss"]
[EventRounds "7"]
[EventCountry "BEL"]
[SourceTitle "CBM 204 Extra"]
[Source "ChessBase"]
[SourceDate "2021.11.30"]
[SourceVersion "1"]
[SourceVersionDate "2021.11.30"]
[SourceQuality "1"]
[WhiteTeam "Denmark"]
[BlackTeam "NATO"]
[WhiteTeamCountry "DEN"]

1. d4 Nf6 2. Nf3 g6 3. e3 Bg7 4. Be2 d6 5. 0-0 0-0 6. b3 c5 7. Bb2 cxd4 8. Nxd4 Nc6 9. c4 Nxd4 10. exd4 d5 11. Nc3 Be6 12. Qd2 Rc8 13. Rfd1 Qd7 14. c5 Ne4 15. Qe3 Nxc3 16. Bxc3 Qc7 17. b4 Rfe8 18. a4 Bf5 19. f4 f6 20. Bf3 Rcd8 21. Re1 Bh6 22. g3 g5 23. fxg5 Bxg5 24. Qf2 e6 25. Rad1 Qf7 26. b5 h5 27. Ba5 Rc8 28. Bxd5 Bh3 29. Bf3 Qg6 30. Bxb7 Rb8 31. c6 Re7 32. d5 Rexb7 33. cxb7 Rxb7 34. dxe6 f5 35. Rd7 1-0

[Event "NATO-ch 30th"]
[Site "Berlin"]
[Date "2019.09.19"]
[Round "5.36"]
[White "Ntalampiras, Spyros"]
[Black "Sauer, Marko"]
[Result "0-1"]
[WhiteElo "1806"]
[BlackElo "2081"]
[PlyCount "92"]
[EventDate "2019.09.14"]
[EventType "team-swiss"]
[EventRounds "7"]
[EventCountry "GER"]
[SourceTitle "EXT 2020"]
[Source "ChessBase"]
[SourceDate "2019.10.17"]
[SourceVersion "1"]
[SourceVersionDate "2019.10.17"]
[SourceQuality "1"]
[WhiteTeam "Greece"]
[BlackTeam "Germany"]
[WhiteTeamCountry "GRE"]
[BlackTeamCountry "GER"]

1. e4 c5 2. Nf3 Nc6 3. d4 cxd4 4. Nxd4 Nf6 5. Nc3 d6 6. Be2 g6 7. Be3 Bg7 8. Qd2 Ng4 9. Bxg4 Bxg4 10. f3 Bd7 11. Nxc6 bxc6 12. 0-0 0-0 13. Rfd1 Qb8 14. Rab1 Rd8 15. Ne2 a5 16. c4 Qb4 17. b3 Be8 18. a4 Qb7 19. Kh1 Qc7 20. Bd4 f6 21. Bc3 Bf7 22. Nd4 e5 23. Bxa5 Rxa5 24. Nxc6 Qxc6 25. Qxa5 Rb8 26. Qc3 f5 27. Qd3 fxe4 28. Qxe4 Qc5 29. h3 Be6 30. g4 Bh6 31. Qd3 Rd8 32. Rb2 Bg5 33. Ra2 d5 34. Qf1 Rf8 35. Qe2 dxc4 36. bxc4 Bxc4 37. Qc2 Qc6 38. Ra3 Rxf3 39. Rxf3 Qxf3+ 40. Kg1 Be3+ 41. Kh2 Bf4+ 42. Kg1 Qg3+ 43. Qg2 Qe3+ 44. Kh1 e4 45. Rf1 Bxf1 46. Qxf1 Qf3+ 0-1

[Event "NATO-ch 29th"]
[Site "Lubbock"]
[Date "2018.06.05"]
[Round "2"]
[White "Nilsson, Erik"]
[Black "Ntalampiras, Spyros"]
[Result "1/2-1/2"]
[WhiteElo "2071"]
[BlackElo "1780"]
[PlyCount "71"]
[EventDate "2018.06.04"]
[EventType "swiss"]
[EventRounds "7"]
[EventCountry "USA"]
[SourceTitle "EXT 2019"]
[Source "ChessBase"]
[SourceDate "2018.10.10"]
[SourceVersion "1"]
[SourceVersionDate "2018.10.10"]
[SourceQuality "1"]

1. d4 Nf6 2. Nf3 g6 3. Bf4 Bg7 4. e3 0-0 5. Be2 d5 6. c3 Nc6 7. h3 Ne4 8. Nbd2 Nxd2 9. Qxd2 Bf5 10. 0-0 h6 11. Rfd1 g5 12. Bg3 Qd7 13. b4 a6 14. Rac1 b5 15. a4 Nd8 16. axb5 axb5 17. Ra1 Nb7 18. Ne5 Bxe5 19. Bxe5 f6 20. Bh2 c6 21. Qb2 Nd6 22. Bxd6 Qxd6 23. Rxa8 Rxa8 24. Ra1 Qb8 25. Ra3 Kg7 26. Qa1 Rxa3 27. Qxa3 Qc7 28. Qa8 Bg6 29. Qa5 Qb8 30. Bg4 f5 31. Be2 Bf7 32. Bd3 e6 33. Qa6 Qc7 34. Qa5 Qb8 35. Qa6 Qc7 36. Qa5 1/2-1/2

[Event "NATO-ch 29th"]
[Site "Lubbock"]
[Date "2018.06.04"]
[Round "1"]
[White "Ntalampiras, Spyros"]
[Black "Sauer, Marko"]
[Result "1/2-1/2"]
[WhiteElo "1780"]
[BlackElo "2119"]
[PlyCount "88"]
[EventDate "2018.06.04"]
[EventType "swiss"]
[EventRounds "7"]
[EventCountry "USA"]
[SourceTitle "EXT 2019"]
[Source "ChessBase"]
[SourceDate "2018.10.10"]
[SourceVersion "1"]
[SourceVersionDate "2018.10.10"]
[SourceQuality "1"]

1. e4 c5 2. Nf3 e6 3. d4 cxd4 4. Nxd4 a6 5. c4 Nf6 6. Bd3 Qc7 7. 0-0 d6 8. Nc3 Nbd7 9. Qe2 Ne5 10. Be3 Be7 11. Rac1 Nxd3 12. Qxd3 Ng4 13. f4 0-0 14. Bd2 Qb6 15. Na4 Qa7 16. h3 e5 17. fxe5 Nxe5 18. Qe3 b5 19. cxb5 axb5 20. Nc3 Nc4 21. Qf2 Nxd2 22. Qxd2 Bd7 23. Kh1 Qb7 24. Nd5 Bd8 25. a3 Ra4 26. Qd3 Rc4 27. b4 Qa7 28. Rxc4 bxc4 29. Qxc4 Qxa3 30. Rf3 Qa1+ 31. Kh2 Qb1 32. Nf5 Qb2 33. Qc3 Qxc3 34. Rxc3 Bxf5 35. exf5 Bf6 36. Nxf6+ gxf6 37. Rd3 Rb8 38. Rxd6 Rxb4 39. Rxf6 Kg7 40. Rc6 Rf4 41. g4 h6 42. Kg3 Rf1 43. Kh4 Rf3 44. Rb6 Ra3 1/2-1/2

[Event "Peristeri IRT 6th"]
[Site "Peristeri"]
[Date "2017.05.09"]
[Round "3"]
[White "Kostopoulos, Vasilios"]
[Black "Ntalampiras, Spyros"]
[Result "1-0"]
[WhiteElo "2034"]
[BlackElo "1757"]
[PlyCount "126"]
[EventDate "2017.04.25"]
[EventType "tourn"]
[EventRounds "7"]
[EventCountry "GRE"]
[SourceTitle "EXT 2024"]
[Source "ChessBase"]
[SourceDate "2023.10.10"]
[SourceVersion "1"]
[SourceVersionDate "2023.10.10"]
[SourceQuality "1"]

1. d4 Nf6 2. c4 g6 3. Nc3 d5 4. Bg5 Ne4 5. Bf4 Nxc3 6. bxc3 Bg7 7. e3 0-0 8. Nf3 c5 9. Be2 dxc4 10. Bxc4 Nc6 11. 0-0 Na5 12. Be2 Be6 13. Qa4 a6 14. dxc5 b5 15. cxb6 Qxb6 16. Rab1 Qc5 17. Nd4 Bc4 18. Bxc4 Nxc4 19. Nb3 Qb5 20. Qb4 e5 21. Bg3 Rfc8 22. Qe7 Qc6 23. Rfd1 Bf6 24. Qd7 Na3 25. Rbc1 Qxd7 26. Rxd7 Nb5 27. c4 Na7 28. Rd5 Nc6 29. Na5 Nb4 30. Rd6 Be7 31. Rd7 Kf8 32. a3 Nc6 33. Nxc6 Rxc6 34. Rd3 Rac8 35. Bxe5 Rxc4 36. Rxc4 Rxc4 37. g3 Rc5 38. Bd6 Ra5 39. Bxe7+ Kxe7 40. Kf1 Ke6 41. Ke2 h5 42. h4 f6 43. Kd2 Ke5 44. f3 Ke6 45. e4 f5 46. Ke3 fxe4 47. Kxe4 g5 48. hxg5 Rxg5 49. f4 Ra5 50. Kd4 Rf5 51. Rc3 Kd6 52. Ke4 Ra5 53. Kf3 Ke6 54. g4 hxg4+ 55. Kxg4 Ra4 56. Kg5 Ra5+ 57. Kg6 Ra4 58. Re3+ Kd5 59. f5 Kd4 60. Rg3 Ke5 61. f6 Rf4 62. Re3+ Kd4 63. Re6 a5 1-0

[Event "Peristeri IRT 6th"]
[Site "Peristeri"]
[Date "2017.05.02"]
[Round "2"]
[White "Ntalampiras, Spyros"]
[Black "Kostouros, Alexandros"]
[Result "0-1"]
[WhiteElo "1757"]
[BlackElo "2070"]
[PlyCount "52"]
[EventDate "2017.04.25"]
[EventType "tourn"]
[EventRounds "7"]
[EventCountry "GRE"]
[SourceTitle "EXT 2024"]
[Source "ChessBase"]
[SourceDate "2023.10.10"]
[SourceVersion "1"]
[SourceVersionDate "2023.10.10"]
[SourceQuality "1"]

1. e4 e5 2. Nf3 Nf6 3. Nxe5 d6 4. Nf3 Nxe4 5. d4 d5 6. Bd3 Bf5 7. 0-0 Bd6 8. Nc3 Nxc3 9. bxc3 Bxd3 10. Qxd3 0-0 11. Ng5 g6 12. f4 h6 13. f5 hxg5 14. f6 g4 15. Bh6 Nd7 16. Qd2 Nxf6 17. Bxf8 Bxf8 18. Qf4 Bg7 19. Rae1 Qd7 20. Re3 Re8 21. Rxe8+ Nxe8 22. Qd2 Nd6 23. Qd3 Qa4 24. Qe2 Qxa2 25. Qxg4 Qxc2 26. Qf3 Qe4 0-1

[Event "Peristeri Young Men 1st"]
[Site "Peristeri"]
[Date "2015.12.21"]
[Round "7"]
[White "Patriarheas, Georgios"]
[Black "Ntalampiras, Spyros"]
[Result "1-0"]
[WhiteElo "1973"]
[BlackElo "1804"]
[PlyCount "83"]
[EventDate "2015.11.09"]
[EventType "tourn"]
[EventRounds "7"]
[EventCountry "GRE"]
[SourceTitle "EXT 2024"]
[Source "ChessBase"]
[SourceDate "2023.10.10"]
[SourceVersion "1"]
[SourceVersionDate "2023.10.10"]
[SourceQuality "1"]

1. e4 c5 2. Nf3 Nc6 3. Nc3 d6 4. Bb5 Bd7 5. 0-0 e5 6. d3 Be7 7. Nd5 a6 8. Bc4 b5 9. Bb3 Na5 10. c3 Nxb3 11. Qxb3 Nf6 12. Nxe7 Qxe7 13. Re1 0-0 14. Bg5 h6 15. Bh4 g5 16. Bg3 Be6 17. Qa3 Nh5 18. d4 Nxg3 19. hxg3 exd4 20. cxd4 b4 21. Qe3 Rac8 22. a3 a5 23. d5 Bg4 24. axb4 Bxf3 25. gxf3 axb4 26. Ra6 Ra8 27. Rea1 Rxa6 28. Rxa6 Rd8 29. Kg2 Kg7 30. f4 f6 31. fxg5 hxg5 32. f4 Rd7 33. Kf3 Kg6 34. Qd3 Kg7 35. Qb5 Kf7 36. Ra8 gxf4 37. Qb8 Kg6 38. Qg8+ Qg7 39. Qe6 Qe7 40. Qg4+ Kh7 41. Qh5+ Kg7 42. Rh8 1-0

[Event "Peristeri Young Men 1st"]
[Site "Peristeri"]
[Date "2015.11.23"]
[Round "3"]
[White "Ntalampiras, Spyros"]
[Black "Kesoglou, Konstantinos"]
[Result "1/2-1/2"]
[WhiteElo "1804"]
[BlackElo "1974"]
[PlyCount "112"]
[EventDate "2015.11.09"]
[EventType "tourn"]
[EventRounds "7"]
[EventCountry "GRE"]
[SourceTitle "EXT 2024"]
[Source "ChessBase"]
[SourceDate "2023.10.10"]
[SourceVersion "1"]
[SourceVersionDate "2023.10.10"]
[SourceQuality "1"]

1. e4 Nf6 2. e5 Nd5 3. c4 Nb6 4. d4 d6 5. exd6 cxd6 6. Nc3 g6 7. Be3 Bg7 8. Rc1 0-0 9. b3 Nc6 10. d5 Ne5 11. Be2 f5 12. f4 Ng4 13. Bxg4 fxg4 14. Nge2 e6 15. dxe6 Bxe6 16. 0-0 Qe7 17. Bd4 Rad8 18. Bxg7 Qxg7 19. Nd4 Bd7 20. Qd2 a6 21. Rce1 Rde8 22. a4 Rxe1 23. Rxe1 Qf7 24. a5 Nc8 25. Nd5 Bc6 26. Ne6 Re8 27. Ng5 Rxe1+ 28. Qxe1 Qf5 29. Qe6+ Qxe6 30. Nxe6 Bxd5 31. cxd5 Kf7 32. Ng5+ Kf6 33. g3 Kf5 34. Nxh7 Ne7 35. Ng5 Nxd5 36. Kf2 Ne7 37. Ke3 Nc6 38. Ne4 Nxa5 39. Nxd6+ Ke6 40. Ne4 Nxb3 41. Kd3 b6 42. Kc4 Na5+ 43. Kc3 Nb7 44. Nf2 Kf5 45. Nd3 Nc5 46. Ne5 b5 47. Kb4 Nb7 48. Nc6 Nd6 49. Ka5 Nc4+ 50. Kxa6 Ne3 51. Kxb5 Nf1 52. Kc4 Nxh2 53. Kd5 Nf1 54. Nd4+ Kf6 55. Ne2 Kf5 56. Nd4+ Kf6 1/2-1/2

[Event "Peristeri Young Men 1st"]
[Site "Peristeri"]
[Date "2015.11.09"]
[Round "1"]
[White "Ntalampiras, Spyros"]
[Black "Fragkos, Vasilios"]
[Result "0-1"]
[WhiteElo "1804"]
[BlackElo "2065"]
[PlyCount "114"]
[EventDate "2015.11.09"]
[EventType "tourn"]
[EventRounds "7"]
[EventCountry "GRE"]
[SourceTitle "EXT 2024"]
[Source "ChessBase"]
[SourceDate "2023.10.10"]
[SourceVersion "1"]
[SourceVersionDate "2023.10.10"]
[SourceQuality "1"]

1. c4 b6 2. Nf3 Bb7 3. Nc3 Nf6 4. d4 e6 5. Qc2 Bb4 6. Bd2 0-0 7. e3 d6 8. a3 Bxc3 9. Bxc3 Ne4 10. Nd2 Nxc3 11. Qxc3 Nd7 12. f3 c5 13. Be2 Qc7 14. 0-0 Rac8 15. Rac1 cxd4 16. Qxd4 Nf6 17. b4 Rfd8 18. Nb3 Qe7 19. Rfd1 e5 20. Qd2 h6 21. Qe1 Qe6 22. Rc3 d5 23. c5 bxc5 24. Nxc5 Qe7 25. Qd2 Rd6 26. Rdc1 Rcd8 27. Nxb7 Qxb7 28. Rc7 Qb6 29. R1c5 d4 30. exd4 Rxd4 31. Qe3 Nd5 32. Qxe5 Nxc7 33. Qxc7 Qxc7 34. Rxc7 Rd2 35. Re7 Kf8 36. Re3 Re8 37. Rxe8+ Kxe8 38. Kf2 Ra2 39. a4 Ke7 40. a5 Ra4 41. g4 Rxb4 42. h4 Ra4 43. a6 Ra2 44. Ke3 Rxe2+ 45. Kxe2 Kd6 46. h5 Kc6 47. f4 Kb6 48. Ke3 Kxa6 49. Ke4 Kb6 50. g5 a5 51. Kf5 a4 52. gxh6 gxh6 53. Kf6 a3 54. Kxf7 a2 55. Kg6 a1Q 56. f5 Qh8 57. f6 Qf8 0-1

[Event "Fyli op 5th"]
[Site "Fyli"]
[Date "2012.10.27"]
[Round "7"]
[White "Karystianos, Petros"]
[Black "Ntalampiras, Spyros"]
[Result "0-1"]
[WhiteElo "1451"]
[BlackElo "1801"]
[PlyCount "90"]
[EventDate "2012.09.15"]
[EventType "swiss"]
[EventRounds "7"]
[EventCountry "GRE"]
[SourceTitle "EXT 2014"]
[Source "ChessBase"]
[SourceDate "2013.11.20"]
[SourceVersion "1"]
[SourceVersionDate "2013.11.20"]
[SourceQuality "1"]

1. e4 e5 2. Nf3 Nc6 3. Bb5 a6 4. Ba4 Nf6 5. 0-0 Be7 6. Re1 b5 7. Bb3 0-0 8. c3 d5 9. exd5 Nxd5 10. Nxe5 Nxe5 11. Rxe5 c6 12. d4 Bd6 13. Re1 Qh4 14. g3 Qh3 15. Re4 g5 16. Bxg5 Qf5 17. Nd2 Qxg5 18. Nf3 Qg6 19. Bc2 f5 20. Ne5 Qg7 21. Re1 Bxe5 22. Rxe5 Bd7 23. Qf3 Rae8 24. Rae1 Rxe5 25. Rxe5 Qg5 26. Kg2 Ne7 27. h4 Qg7 28. Qe3 Ng6 29. Rc5 Nxh4+ 30. Kf1 Ng6 31. Qg5 Ne7 32. Qxg7+ Kxg7 33. f4 Nd5 34. Kf2 Kf6 35. c4 Nb6 36. b3 Rc8 37. Re5 bxc4 38. g4 cxb3 39. axb3 fxg4 40. Bxh7 Rh8 41. Be4 Re8 42. Bd3 Nd5 43. Kg3 Rh8 44. f5 Rh3+ 45. Kxg4 Rxd3 0-1

[Event "Fyli op 5th"]
[Site "Fyli"]
[Date "2012.10.20"]
[Round "6"]
[White "Abelakiotis, Stavros"]
[Black "Ntalampiras, Spyros"]
[Result "0-1"]
[WhiteElo "1333"]
[BlackElo "1801"]
[PlyCount "114"]
[EventDate "2012.09.15"]
[EventType "swiss"]
[EventRounds "7"]
[EventCountry "GRE"]
[SourceTitle "EXT 2014"]
[Source "ChessBase"]
[SourceDate "2013.11.20"]
[SourceVersion "1"]
[SourceVersionDate "2013.11.20"]
[SourceQuality "1"]

1. e4 e5 2. Nf3 Nc6 3. Bc4 Nf6 4. Ng5 d5 5. exd5 Na5 6. Bb5+ c6 7. dxc6 bxc6 8. Ba4 h6 9. Nf3 e4 10. Ne5 Qd4 11. c3 Qxe5 12. b4 Nb7 13. Bxc6+ Kd8 14. 0-0 Bd6 15. g3 Kc7 16. d4 Qf5 17. b5 Qh3 18. f3 Bd7 19. Bxd7 Qxd7 20. fxe4 Nxe4 21. c4 Rad8 22. Qf3 Nf6 23. c5 Nxc5 24. dxc5 Bxc5+ 25. Be3 Bd4 26. Qf4+ Kb6 27. Bxd4+ Qxd4+ 28. Qxd4+ Rxd4 29. Nc3 Rc8 30. Rac1 Rdc4 31. Rf3 R8c7 32. a4 Ka5 33. Kg2 Ne4 34. Rf4 Rxc3 35. Rcf1 Rc2+ 36. Kh3 Ng5+ 37. Kg4 Rxh2 38. Rg1 Rc5 39. Rf5 Rxf5 40. Kxf5 Rf2+ 41. Ke5 Nf3+ 42. Ke4 Nxg1 43. g4 Re2+ 44. Kf4 Kxa4 45. g5 hxg5+ 46. Kg4 Kxb5 47. Kxg5 a5 48. Kf4 Kc4 49. Kf5 Kd4 50. Kg4 Re3 51. Kf5 Re4 52. Kg5 Ke5 53. Kh5 g6+ 54. Kg5 Nh3+ 55. Kh6 Kf6 56. Kh7 Ng5+ 57. Kg8 Re8# 0-1

[Event "Fyli op 5th"]
[Site "Fyli"]
[Date "2012.10.13"]
[Round "5"]
[White "Ntalampiras, Spyros"]
[Black "Leonida, Efrosini"]
[Result "1-0"]
[WhiteElo "1801"]
[BlackElo "1010"]
[PlyCount "41"]
[EventDate "2012.09.15"]
[EventType "swiss"]
[EventRounds "7"]
[EventCountry "GRE"]
[SourceTitle "EXT 2014"]
[Source "ChessBase"]
[SourceDate "2013.11.20"]
[SourceVersion "1"]
[SourceVersionDate "2013.11.20"]
[SourceQuality "1"]

1. Nf3 d5 2. d4 Nc6 3. c4 Nf6 4. cxd5 Nxd5 5. e4 Nf6 6. Nc3 Bg4 7. Bb5 e5 8. d5 Bb4 9. dxc6 bxc6 10. Bxc6+ Kf8 11. Bxa8 Qxa8 12. Qb3 Qxe4+ 13. Be3 Bxf3 14. gxf3 Qxf3 15. Qxb4+ Ke8 16. Qb5+ c6 17. Qb8+ Ke7 18. Qxe5+ Kf8 19. Bc5+ Kg8 20. Qb8+ Ne8 21. Qxe8# 1-0

[Event "Fyli op 4th"]
[Site "Fyli"]
[Date "2012.03.31"]
[Round "2"]
[White "Tsoukarakis, Ioannis"]
[Black "Ntalampiras, Spyros"]
[Result "0-1"]
[WhiteElo "1434"]
[BlackElo "1815"]
[PlyCount "92"]
[EventDate "2012.03.24"]
[EventType "swiss"]
[EventRounds "7"]
[EventCountry "GRE"]
[SourceTitle "EXT 2013"]
[Source "ChessBase"]
[SourceDate "2012.11.22"]
[SourceVersion "1"]
[SourceVersionDate "2012.11.22"]
[SourceQuality "1"]

1. e4 e5 2. d4 exd4 3. Qxd4 Nc6 4. Qe3 d6 5. Nc3 Nge7 6. Bd2 Be6 7. Nge2 Ng6 8. Nf4 Nxf4 9. Qxf4 Be7 10. Qg3 Bf6 11. 0-0-0 Qd7 12. f4 g6 13. Re1 0-0-0 14. Qf2 Bg7 15. Bb5 a6 16. Bxc6 Qxc6 17. f5 gxf5 18. exf5 Bd5 19. f6 Bf8 20. Qf5+ Be6 21. Qf3 Qxf3 22. gxf3 Rg8 23. Rhg1 Rg6 24. Rxg6 hxg6 25. Re4 d5 26. Rh4 Bd6 27. a3 b6 28. Ra4 Kb7 29. Ne2 c5 30. Rh4 d4 31. Nf4 Bf5 32. Nd5 Be5 33. Ne7 Bxf6 34. Nxf5 Bxh4 35. Nxh4 Rh8 36. Bg5 Kc6 37. Kd2 Kd5 38. Bf6 Rh5 39. Ke2 Ke6 40. Bd8 b5 41. f4 Rh8 42. f5+ gxf5 43. Nxf5 Rxh2+ 44. Kd3 Kxf5 45. b4 c4+ 46. Kxd4 Rd2+ 0-1

[Event "Fyli op 3rd"]
[Site "Fyli"]
[Date "2011.09.23"]
[Round "2"]
[White "Ntalampiras, Spyros"]
[Black "Dimanoudis, Agelos"]
[Result "1/2-1/2"]
[WhiteElo "1822"]
[BlackElo "1345"]
[PlyCount "62"]
[EventDate "2011.09.16"]
[EventType "swiss"]
[EventRounds "7"]
[EventCountry "GRE"]
[SourceTitle "EXT 2013"]
[Source "ChessBase"]
[SourceDate "2012.11.22"]
[SourceVersion "1"]
[SourceVersionDate "2012.11.22"]
[SourceQuality "1"]

1. e4 e6 2. d4 d5 3. Nd2 c5 4. exd5 exd5 5. Ngf3 Nc6 6. Bb5 f6 7. 0-0 Bd6 8. dxc5 Bxc5 9. Nb3 Bb6 10. Re1+ Nge7 11. Bxc6+ bxc6 12. Qe2 Kf7 13. Nbd4 Re8 14. Ne6 Qd6 15. Nfg5+ fxg5 16. Qh5+ Ng6 17. Nxg5+ Kf8 18. Nxh7+ Kf7 19. Qf3+ Bf5 20. Qxf5+ Kg8 21. Rxe8+ Rxe8 22. g3 Kxh7 23. Bf4 Qe6 24. Qh5+ Kg8 25. Bd2 Qe2 26. Qxe2 Rxe2 27. Rd1 Rxf2 28. Kh1 Ne5 29. Bf4 Nf3 30. g4 Rxh2+ 31. Bxh2 Ng5 1/2-1/2

[Event "Fyli 1st"]
[Site "Fyli"]
[Date "2011.07.18"]
[Round "5"]
[White "Ntalampiras, Spyros"]
[Black "Vlahos, Georgios"]
[Result "1-0"]
[WhiteElo "1816"]
[BlackElo "1725"]
[PlyCount "43"]
[EventDate "2011.07.12"]
[EventType "tourn"]
[EventRounds "7"]
[EventCountry "GRE"]
[SourceTitle "EXT 2013"]
[Source "ChessBase"]
[SourceDate "2012.11.22"]
[SourceVersion "1"]
[SourceVersionDate "2012.11.22"]
[SourceQuality "1"]

1. e4 e5 2. Nf3 Nc6 3. Bb5 Bc5 4. c3 a6 5. Ba4 b5 6. Bc2 d6 7. 0-0 Nf6 8. h3 0-0 9. d4 Bb6 10. Bg5 Bb7 11. d5 Nb8 12. Nbd2 Nbd7 13. Re1 h6 14. Be3 c5 15. c4 bxc4 16. Nxc4 Bc7 17. Bd2 Nb6 18. Ne3 Qd7 19. Qc1 a5 20. Nf5 g6 21. Bxh6 gxf5 22. Qg5+ 1-0

[Event "Fyli 1st"]
[Site "Fyli"]
[Date "2011.07.16"]
[Round "4"]
[White "Gogos, Dimitrios"]
[Black "Ntalampiras, Spyros"]
[Result "1/2-1/2"]
[WhiteElo "1795"]
[BlackElo "1816"]
[PlyCount "60"]
[EventDate "2011.07.12"]
[EventType "tourn"]
[EventRounds "7"]
[EventCountry "GRE"]
[SourceTitle "EXT 2013"]
[Source "ChessBase"]
[SourceDate "2012.11.22"]
[SourceVersion "1"]
[SourceVersionDate "2012.11.22"]
[SourceQuality "1"]

1. Nf3 Nf6 2. d4 g6 3. Bf4 Bg7 4. Nc3 c6 5. e4 d6 6. h3 0-0 7. Bd3 Nbd7 8. Qd2 Qc7 9. 0-0 e5 10. Bh6 a6 11. Bxg7 Kxg7 12. dxe5 dxe5 13. Qg5 h6 14. Qe3 b5 15. Ne2 c5 16. c3 Bb7 17. Ng3 Rfe8 18. Nh4 Ng8 19. Rad1 Nf8 20. Be2 Ne6 21. Bg4 Nf4 22. Rd7 Qb6 23. Nhf5+ gxf5 24. Nxf5+ Kh8 25. Nd6 Re7 26. Nxf7+ Rxf7 27. Rxf7 Bc8 28. Bxc8 Qg6 29. Rxf4 exf4 30. Qxf4 Rxc8 1/2-1/2

[Event "Fyli 1st"]
[Site "Fyli"]
[Date "2011.07.15"]
[Round "3"]
[White "Ntalampiras, Spyros"]
[Black "Fourtounis, Georgios"]
[Result "0-1"]
[WhiteElo "1816"]
[BlackElo "1889"]
[PlyCount "68"]
[EventDate "2011.07.12"]
[EventType "tourn"]
[EventRounds "7"]
[EventCountry "GRE"]
[SourceTitle "EXT 2013"]
[Source "ChessBase"]
[SourceDate "2012.11.22"]
[SourceVersion "1"]
[SourceVersionDate "2012.11.22"]
[SourceQuality "1"]

1. e4 e5 2. Nf3 Nc6 3. Bb5 a6 4. Ba4 Nf6 5. 0-0 Be7 6. Re1 b5 7. Bb3 0-0 8. c3 d5 9. exd5 Nxd5 10. Nxe5 Nxe5 11. Rxe5 c6 12. d4 Bd6 13. Re1 Qh4 14. g3 Qh3 15. Be3 Bg4 16. Qd3 Rae8 17. Nd2 f5 18. f4 Kh8 19. Bxd5 cxd5 20. Qf1 Qh5 21. Qg2 Re4 22. Bf2 Rfe8 23. Rxe4 fxe4 24. Be3 h6 25. a4 bxa4 26. Rxa4 Bh3 27. g4 Bxg4 28. Ra1 Rf8 29. Qg3 g5 30. Rf1 Bh3 31. Rf2 gxf4 32. Bxf4 Bxf4 33. Rxf4 Rg8 34. Rf8 Rxf8 0-1

[Event "Athens Smaok 1900+ op 9th"]
[Site "Athens"]
[Date "2011.02.15"]
[Round "5.14"]
[White "Ntalampiras, Spyros"]
[Black "Delis, Georgios"]
[Result "0-1"]
[WhiteElo "1811"]
[BlackElo "1909"]
[PlyCount "48"]
[EventDate "2011.01.18"]
[EventType "swiss"]
[EventRounds "7"]
[EventCountry "GRE"]
[SourceTitle "EXT 2024"]
[Source "ChessBase"]
[SourceDate "2023.10.10"]
[SourceVersion "1"]
[SourceVersionDate "2023.10.10"]
[SourceQuality "1"]

1. e4 c5 2. Nc3 e6 3. f4 d5 4. exd5 exd5 5. Bb5+ Nc6 6. Nf3 Nf6 7. d3 Be7 8. Bxc6+ bxc6 9. 0-0 0-0 10. Ne5 Qc7 11. b3 Bd6 12. Na4 d4 13. Qf3 Nd5 14. Nc4 Be7 15. Ba3 Nb4 16. Rf2 Be6 17. Qe2 Bd5 18. c3 dxc3 19. Nxc3 Bxc4 20. dxc4 Bf6 21. Rc1 Bd4 22. Bb2 Qxf4 23. Rcf1 Rfe8 24. Qh5 Qxf2+ 0-1

[Event "Athens Smaok 1900+ op 9th"]
[Site "Athens"]
[Date "2011.02.08"]
[Round "4.18"]
[White "Ntalampiras, Spyros"]
[Black "Kefalas, Spyridon"]
[Result "1-0"]
[WhiteElo "1811"]
[BlackElo "1854"]
[PlyCount "49"]
[EventDate "2011.01.18"]
[EventType "swiss"]
[EventRounds "7"]
[EventCountry "GRE"]
[SourceTitle "EXT 2024"]
[Source "ChessBase"]
[SourceDate "2023.10.10"]
[SourceVersion "1"]
[SourceVersionDate "2023.10.10"]
[SourceQuality "1"]

1. e4 c5 2. Nc3 e6 3. f4 d6 4. Nf3 Nc6 5. Bb5 a6 6. Bxc6+ bxc6 7. d3 Nf6 8. 0-0 a5 9. e5 Nd5 10. Ne4 Ba6 11. c4 Nb6 12. exd6 Bxd6 13. b3 Qc7 14. Nxd6+ Qxd6 15. Ba3 Rd8 16. d4 Qxf4 17. Bxc5 Nd7 18. Ba3 c5 19. Bc1 Qg4 20. Bd2 Bb7 21. Bxa5 Bxf3 22. Qxf3 Qxd4+ 23. Kh1 Ne5 24. Qg3 Rd7 25. Bc3 1-0